[Event "79. Brasil ch 2013 "]
[Site "Rio Grande do Sul BRA"]
[Date "2013.03.03"]
[Round "8.6"]
[White "Carneiro, Vitor Roberto Castr"]
[Black "Mekhitarian, Krikor Sevag"]
[Result "0-1"]
[WhiteElo "2089"]
[BlackElo "2546"]
[PlyCount "76"]
[EventDate "2013.02.25"]
[EventType "tourn"]
[EventRounds "11"]
[EventCountry "BRA"]
[EventCategory "2"]
[Source "lmi"]
[SourceDate "2013.02.27"]

1. c4 c5 2. Nc3 g6 3. g3 Bg7 4. Bg2 Nc6 5. Nf3 e6 6. O-O Nge7 7. d3 O-O 8. Bd2
d5 9. Rb1 b6 10. a3 Bb7 11. b4 cxb4 12. axb4 Qd7 13. cxd5 Nxd5 14. Nxd5 Qxd5
15. Qb3 Nd4 16. Qd1 Rfc8 17. Nh4 Qd7 18. Bxb7 Qxb7 19. e3 Nb5 20. Qf3 Qd7 21.
d4 Rc6 22. Qe2 Rc2 23. Qd3 Rac8 24. Rbc1 Rxc1 25. Rxc1 Rxc1+ 26. Bxc1 Qc6 27.
Bd2 Bf8 28. Ng2 Nd6 29. Nf4 Qf3 30. Qe2 Qe4 31. Qd3 g5 32. f3 Qxf3 33. Ng2 Ne4
34. Be1 Nf6 35. Qa6 Qd1 36. Qb5 Nd5 37. e4 Qxd4+ 38. Bf2 Qxe4 0-1